Food security in the Russian federation

Gardado en:
Detalles Bibliográficos
Autor Principal: David Sedik
Formato: Libro
Idioma:Undetermined
Publicado: Rome, Italy FAO 2003
Những chủ đề:
Các nhãn: Engadir etiqueta
Sen Etiquetas, Sexa o primeiro en etiquetar este rexistro!
Thư viện lưu trữ: Trung tâm Học liệu Trường Đại học Cần Thơ
LEADER 00584nam a2200193Ia 4500
001 CTU_59807
008 210402s9999 xx 000 0 und d
082 |a 363.8 
082 |b S447 
100 |a David Sedik 
245 0 |a Food security in the Russian federation 
245 0 |c David Sedik, Sergey Sotnikov and Doris Wiessmann 
260 |a Rome, Italy 
260 |b FAO 
260 |c 2003 
650 |a food supply,nutrition 
650 |x developing countries,congresses,developing countries,congresses 
904 |i Minh 
980 |a Trung tâm Học liệu Trường Đại học Cần Thơ